|
|
|
|
| LEADER |
01558nam a2200349 a 4500 |
| 001 |
34724 |
| 003 |
BD-DhAAL |
| 005 |
20211111105309.0 |
| 008 |
190616t2002 nyu b 001 0 eng d |
| 999 |
|
|
|c 40682
|d 40682
|
| 010 |
|
|
|a 2001050014
|
| 020 |
|
|
|a 9780375714498
|
| 020 |
|
|
|a 0375714499
|
| 040 |
|
|
|a DLC
|c DLC
|d DLC
|d BD-DhAAL
|
| 050 |
0 |
0 |
|a P96.E25
|b H47 2002
|
| 082 |
0 |
0 |
|a 381.4530223
|2 21
|
| 100 |
1 |
|
|a Herman, Edward S.
|9 32597
|
| 245 |
1 |
0 |
|a Manufacturing consent :
|b the political economy of the mass media /
|c Edward S. Herman and Noam Chomsky ; with a new introduction by the authors.
|
| 260 |
|
|
|a New York :
|b Pantheon Books,
|c c2002.
|
| 300 |
|
|
|a lxiv, 412 pages ;
|c 24 cm.
|
| 500 |
|
|
|a Updated ed. of: Manufacturing consent. 1st ed. c1988.
|
| 504 |
|
|
|a Includes bibliographical references and index.
|
| 526 |
|
|
|a CSE
|
| 541 |
|
|
|a Karim International
|e 34724, 34725
|
| 650 |
|
0 |
|a Mass media
|x Ownership.
|9 32598
|
| 650 |
|
0 |
|a Mass media and propaganda.
|9 32599
|
| 650 |
|
0 |
|a Computer science
|9 42523
|
| 700 |
1 |
|
|a Chomsky, Noam.
|9 32600
|
| 852 |
|
|
|a Ayesha Abed Library
|c General Stacks
|
| 942 |
|
|
|2 ddc
|c BK
|
| 952 |
|
|
|0 0
|1 0
|2 ddc
|4 0
|6 381_453022300000000_HER
|7 0
|9 65541
|a BRACUL
|b BRACUL
|c GEN
|d 2019-05-27
|e Karim International
|g 2120.00
|l 5
|m 46
|o 381.4530223 HER
|p 3010034724
|r 2026-01-29
|s 2025-04-30
|t 1
|v 2120.00
|w 2019-05-27
|y BK
|
| 952 |
|
|
|0 0
|1 0
|2 ddc
|4 0
|6 381_453022300000000_HER
|7 0
|9 65542
|a BRACUL
|b BRACUL
|c GEN
|d 2019-05-27
|e Karim International
|g 2120.00
|l 2
|m 36
|o 381.4530223 HER
|p 3010034725
|q 2026-06-16
|r 2025-02-18
|s 2025-02-18
|t 2
|v 2120.00
|w 2019-05-27
|y BK
|